Pensamientos y otros escritos /

Blaise Pascal (1623-1662), matemático francés. Educado por su padre, mismo que decidió que su hijo no estudiara matemáticas antes de los quince años, y que todos los textos de matemáticas fueron sacados de la casa. Esta prohibición desarrollo en él una curiosidad que lo condujo a investigar la geome...

Descripció completa

Guardat en:
Dades bibliogràfiques
Autor principal: Pascal, Blaise (autor)
Altres autors: Guardini, Romano (autor) (autor)
Format: Llibre
Idioma:espanyol
Publicat: México : Porrúa, 2005, c2005
Edició:3a edición
Col·lecció:(Sepan Cuántos ; 716)
Matèries:
Etiquetes: Afegir etiqueta
Sense etiquetes, Sigues el primer a etiquetar aquest registre!

MARC

LEADER 00000nam^a2200000^a^4500
001 000302506
005 20250521000000.0
009 20260310112614.965
020 |a 970-07-5715-3 
037 |a Acervo ITESO - Biblioteca 
041 |a ESP 
082 |a 082.  |b POR V. 577 
100 |a Pascal, Blaise  |e (autor) 
240 1 1 |a [Pensamientos de Pascal] 
245 1 0 |a Pensamientos y otros escritos /  |c B. Pascal. 
250 |a 3a edición 
264 4 |a México :  |b Porrúa,  |c 2005, c2005 
300 |a 416 p. 
336 |a texto  |b txt  |2 rdacontenido 
337 |a sin mediación  |b n  |2 rdamedio 
338 |a volumen  |b nc  |2 rdasoporte 
440 1 |a (Sepan Cuántos ;  |v 716) 
520 |a Blaise Pascal (1623-1662), matemático francés. Educado por su padre, mismo que decidió que su hijo no estudiara matemáticas antes de los quince años, y que todos los textos de matemáticas fueron sacados de la casa. Esta prohibición desarrollo en él una curiosidad que lo condujo a investigar la geometría por sí mismo a los doce años. A los catorce años, Pascal comenzó a asistir a las reuniones de Mersenne. Ahí en París frecuentó a Pierre de Fermat, Pierre Gassendi y a otros. Inventó la primera calculadora digital en 1642, además de la jeringa y la prensa hidráulica. Descubrió la ley de la presión de Pascal y produjo importantes teoremas en la geometría descriptiva. En colaboración con Fermat, fundaron las bases de la teoría de la probabilidad. Su obra filosófica más famosa es Pensamientos (Pensées), donde aborda el problema entre fe y razón, y sobre la naturaleza humana en cuanto a su miseria y grandeza. La esencia de sus reflexiones está en que el hombre se conozca así mismo, tanto por la vía de la razón como por la vía del corazón y conocer así a Jesucristo. 
649 |a XX 
650 |a Filósofos Franceses 
650 |a Científicos Franceses 
650 |a Jesucristo 
650 |a Hombre 
650 |a Cristianismo 
650 |a Judaísmo 
650 |a Religión 
650 |a Racionalismo -  |x Tema Principal 
650 |a Filosofía Moderna 
650 |a Filosofía Francesa 
650 |a Pascal, Blaise -  |x Tema Principal 
740 0 |a Aproximaciones a Pascal /  |c R. Guardini... [et al.]. 
700 |a Guardini, Romano  |e (autor) 
910 |a Fondo General 
920 |a Impresos - Libros 
930 |a Colección General 
940 |a Literatura 
905 |a 101 
901 |a 0500188765  |b IT1  |c LIT  |i C120798  |u 20250521 
902 |a https://opac.biblio.iteso.mx/vufind/Record/000302506